|
|
|
|
| LEADER |
00000nab a2200000 a 4500 |
| 001 |
vtls000548228 |
| 003 |
SK-MaSNL |
| 005 |
20260304093428.0 |
| 008 |
250425c1994 xo 0 slo |
| 015 |
|
|
|a SNBRB19rr/mm-uuuuu
|
| 035 |
|
|
|a CL0548366
|
| 035 |
|
|
|a urn:nbn:sk:snk-abe33
|
| 035 |
|
|
|a (urnnbn)urn:nbn:sk:snk:ar-003ng5
|
| 035 |
|
|
|a (uuid)2e02276c-a6be-448a-9e44-caa234c9e444
|
| 040 |
|
|
|a SNKBUCL
|b slo
|c SNKBUCL
|e AACR2
|
| 041 |
0 |
|
|a slo
|
| 044 |
|
|
|a xo
|c SK
|
| 080 |
|
|
|a 347.7
|2 1981
|
| 100 |
1 |
|
|a Vojčík, Peter,
|d 1951-
|4 aut
|9 190741
|
| 245 |
1 |
0 |
|a Zmluva o postúpení pohľadávky
|c Peter Vojčík
|
| 650 |
0 |
7 |
|a pohľadávky
|2 snkbucl
|9 4611
|
| 650 |
0 |
7 |
|a postúpenie pohľadávky
|2 snkbucl
|9 892030
|
| 655 |
|
7 |
|a články z novín a časopisov
|2 snkbucl
|9 267496
|
| 773 |
0 |
|
|t Justičná revue
|g Roč. 46, č. 11-12 (1994), s. 43-47
|
| 850 |
|
|
|a Slovenská národná knižnica
|
| 852 |
|
|
|a Slovenská národná knižnica
|
| 954 |
|
|
|a odborná, vedecká literatúra pôvodná (slovenská)
|2 lita
|
| 958 |
|
|
|a article27
|
| 958 |
|
|
|a OND
|
| 958 |
|
|
|a RK
|
| 958 |
|
|
|a EUIPO
|
| 992 |
|
|
|a RBX
|
| 999 |
|
|
|c 2823071
|d 2825001
|